000
00302nam a22001337a 4500
008
170324b xxu||||| |||| 00| 0 eng d
020
_a
9780072300321
041
_a
eng
080
_2
3 ED
_a
615.82
100
_a
8
101
_a
SHM
245
_a
THE MANAGEMENT OF SPORT
_c
PARKHOUSE.B.L
942
_2
udc
_c
BK
999
_c
8603
_d
8603